[Event "TUR-ch U13/18 Girls"]
[Site "Antalya"]
[Date "2023.01.25"]
[Round "6"]
[White "Senel, Duru"]
[Black "Baspinar, Ela"]
[Result "1/2-1/2"]
[WhiteElo "1179"]
[BlackElo "1164"]
[PlyCount "86"]
[EventDate "2023.01.17"]
[EventType "swiss"]
[EventRounds "9"]
[EventCountry "TUR"]
[SourceTitle "EXT 2024"]
[Source "ChessBase"]
[SourceDate "2023.10.10"]
[SourceVersion "1"]
[SourceVersionDate "2023.10.10"]
[SourceQuality "1"]

1. d4 Nf6 2. c4 e6 3. Nc3 d5 4. cxd5 exd5 5. Bg5 Bb4 6. e3 Nbd7 7. Bd3 0-0 8. Qc2 h6 9. Bh4 c5 10. Nge2 a6 11. 0-0 Qa5 12. a3 Bxc3 13. Nxc3 cxd4 14. exd4 b5 15. b4 Qb6 16. Bxf6 Nxf6 17. Ne2 Bb7 18. Rac1 Rac8 19. Qb2 Qd6 20. Rxc8 Rxc8 21. Rc1 Ng4 22. Rxc8+ Bxc8 23. g3 Qd7 24. Nf4 Nf6 25. Bf1 Qc6 26. Nd3 Ne4 27. Nc5 Nxc5 28. dxc5 Qd7 29. Qd4 Kf8 30. Bg2 Bb7 31. h4 Qe6 32. Qf4 Ke7 33. Qc7+ Qd7 34. Qxd7+ Kxd7 35. Kf1 Ke7 36. Ke2 g6 37. f4 h5 38. Kd3 f5 39. Kd4 Ke6 40. Bf3 Bc6 41. Bg2 Bb7 42. Bf3 Bc6 43. Bg2 Bb7 1/2-1/2